000 01086nam a22003497a 4500
003 CHAP
005 20220817042330.0
008 971013s1977 r 00010 d
010 _a41122
011 _a42094
035 _a46221
040 _cCHAP
082 _a631.522
_bM8
100 0 0 _aMuhammed, Amir
_eed.
_979295
245 _aGenetic diversity in plants
260 _aNew York :
_bPlenum,
_c1977
300 _a506 p.
_b: ilus
490 _aBasic life science
_v; 8
590 _aBATCH-UPD
_b10
_c20130110
_lUCH01
_h0315
590 _aBATCH-UPD
_b10
_c20130110
_lUCH01
_h1615
590 _aBATCH-UPD
_b10
_c20130409
_lUCH01
_h2347
590 _aBATCH-UPD
_b10
_c20130914
_lUCH01
_h0620
590 _aCONVERSION
_b10
_c20130109
_lUCH01
_h1323
650 1 4 _aGenética vegetal
_xCongresos.
650 1 4 _aPlantas
_xMejoramiento
_xCongresos.
_988851
700 0 _aAksel, Rustem.
_93292
700 0 _aBorstel, R.C. Von.
_913953
830 0 _aBasic life science
_v; 8
_910691
901 _aBK
942 _cLIBRO
949 _a631.522 M8
_bBC
_cLIBRO
_d33724000087730
_eLIBRO
_h43556
_i46221
_mD
_si
999 _c41122
_d41122